O salutaris Hostia : (Record no. 174934)

MARC details
000 -LEADER
campo de control de longitud fija 01228ncm a2200313 i 4500
001 - NÚMERO DE CONTROL
campo de control 174934
003 - IDENTIFICADOR DE NÚMERO DE CONTROL
campo de control ES-MaACL
005 - FECHA Y HORA DE LA ÚLTIMA TRANSACCIÓN
campo de control 20250823104044.0
007 - CAMPO FIJO DE DESCRIPCIÓN FÍSICA--INFORMACIÓN GENERAL
campo de control de longitud fija qu
008 - DATOS DE LONGITUD FIJA--INFORMACIÓN GENERAL
campo de control de longitud fija 100715r20061889sp ||| |||||||| | lat d
020 ## - NÚMERO INTERNACIONAL ESTÁNDAR DEL LIBRO
Número Internacional Estándar del Libro 978-84-96813-02-1
080 ## - NÚMERO DE LA CLASIFICACIÓN DECIMAL UNIVERSAL
Número de la Clasificación Decimal Universal 783.8.071.2
100 1# - ENTRADA PRINCIPAL--NOMBRE DE PERSONA
Nombre de persona Arriaga, Juan Crisóstomo de.
9 (RLIN) 139120
245 10 - MENCIÓN DEL TÍTULO
Título O salutaris Hostia :
Resto del título motete a tres voces y cuarteto [
Medio Música impresa] /
Mención de responsabilidad, etc. Juan Crisóstomo de Arriaga ; [textos, Joaquín Pérez de Arriaga].
260 ## - PUBLICACIÓN, DISTRIBUCIÓN, ETC.
Lugar de publicación, distribución, etc. Madrid :
Nombre del editor, distribuidor, etc. Polifemo,
Fecha de publicación, distribución, etc. [2006]
300 ## - DESCRIPCIÓN FÍSICA
Extensión 1 partitura ([12] p.), [4] p. ;
Dimensiones 21 x 28 cm.
534 ## - NOTA SOBRE LA VERSIÓN ORIGINAL
Frase introductoria Reprod. facs. de la copia ms. de 1889 conservada en la biblioteca de la
Localización del original Real Escuela Nacional de Música y Declamación de Madrid (1/8986)
546 ## - NOTA DE IDIOMA
Nota de lengua/lenguaje Comentarios en castellano y euskera.
600 14 - PUNTO DE ACCESO ADICIONAL DE MATERIA--NOMBRE DE PERSONA
Nombre de persona Arriaga, Juan Crisóstomo de.
9 (RLIN) 139120
650 #4 - PUNTO DE ACCESO ADICIONAL DE MATERIA--TÉRMINO DE MATERIA
Término de materia o nombre geográfico como elemento de entrada Coros religiosos.
9 (RLIN) 167477
650 #4 - PUNTO DE ACCESO ADICIONAL DE MATERIA--TÉRMINO DE MATERIA
Término de materia o nombre geográfico como elemento de entrada Motetes.
9 (RLIN) 170306
650 #7 - PUNTO DE ACCESO ADICIONAL DE MATERIA--TÉRMINO DE MATERIA
Término de materia o nombre geográfico como elemento de entrada Música sagrada
Fuente del encabezamiento o término
9 (RLIN) 143239
650 #4 - PUNTO DE ACCESO ADICIONAL DE MATERIA--TÉRMINO DE MATERIA
Término de materia o nombre geográfico como elemento de entrada Música-
Subdivisión de forma Facsímiles.
9 (RLIN) 139121
700 1# - ENTRADA AGREGADA--NOMBRE PERSONAL
Nombre de persona Pérez de Arriaga, Joaquín.
9 (RLIN) 143236
710 2# - ENTRADA AGREGADA--NOMBRE DE ENTIDAD CORPORATIVA
Nombre de entidad corporativa o nombre de jurisdicción como elemento de entrada Sociedad Estatal de Conmemoraciones Culturales (España)
9 (RLIN) 134893
852 4# - LOCALIZACIÓN
Ubicación ES-MaACL
Número de control de estantería 2280-F-15
942 ## - ELEMENTOS DE ENTRADA SECUNDARIOS (KOHA)
Fuente del sistema de clasificación o colocación Clasificación decimal universal
Holdings
Estatus retirado Estado de pérdida Fuente del sistema de clasificación o colocación Estado de daño No para préstamo Colección Biblioteca de origen Biblioteca actual Ubicación en estantería Fecha de adquisición Total de préstamos Signatura topográfica completa Código de barras Visto por última vez Precio de reemplazo Tipo de ítem Koha
    Clasificación decimal universal     Colección de folletos Biblioteca del Ateneo de Madrid Biblioteca del Ateneo de Madrid Depósito folletos 15/07/2010   2280-F-15 1183671 23/02/2023 23/02/2023 Folleto